| 000 | 01047cab a22001935a 4500 | ||
|---|---|---|---|
| 001 | L144695 | ||
| 008 | 080805e20080804xxkad f s 000 0 eng d | ||
| 035 | _a(Sirsi) u144695 | ||
| 041 | 0 | _aeng | |
| 110 | 2 |
_aEuroProperty _91216 |
|
| 245 | 0 | 0 | _aRetail |
| 260 | _c2008 | ||
| 490 | 0 |
_aEuroProperty _v4 August 2008, 27-22(7) |
|
| 520 | _aDiscusses the changing retail market in Europe. Explains that total transactions have fallen from €13bn to €7.5bn. However, shopping centres and retail parks have significant increases in activity, albeit at slower completion times. Explains how the downturn will affect out-of-town parks accessible by car first. Reports on how Polish out-of-town schemes are thriving as central and eastern European retail continues to grow. Reports on the improving French retail warehouse market; impending sell-offs for Spanish landlords; why transaction volumes are up in Finland. | ||
| 590 | _aKA | ||
| 651 | 4 | _aEurope | |
| 690 | _aPROPERTY-COMMERCIAL PROPERTY-RETAIL PROPERTY-RETAIL PROPERTY MARKET | ||
| 942 | _n0 | ||
| 999 |
_c80553 _d80553 |
||